M'hauríeu de pagar /
ISBN:
9788418022692
Descripción Física:
141 pàgines ; 19 cm
Descripción:
"Jordi Prat i Coll ha escrit tres monòlegs sobre la soledat a partir de tres personatges que necessiten reverlar-se avant d'algú per parlar d'art, infantesa, records, sexe, veritats, fragilitats i, en definitiva, de tot allò que no entenem però que necessitem expressar."
Colección:
Dramaticles. Dramatúrgia contemporània
; 24
Otros Autores:
Arribas, Albert (Arribas Queralt)
,
Prat i Coll, Jordi, 1975-
,
Prat i Coll, Jordi, 1975-
,
Prat i Coll, Jordi, 1975-
Materias:
Monòlegs catalans -- S. XXI
Idioma:
Catalán
MARC
| LEADER | 00000cam a2200000 i 4500 | ||
|---|---|---|---|
| 001 | 25164 | ||
| 005 | 20260324180726.0 | ||
| 008 | 210120e202101 spc|||||||||||0|| d|cat|c | ||
| 015 | |a LL2021 |2 bnc | ||
| 017 | |a DL B 22038-2020 |b Biblioteca de Catalunya | ||
| 020 | |a 9788418022692 | ||
| 020 | |a 9788498039528 | ||
| 035 | |a (ES-BaCBU).b74834435 | ||
| 040 | |a ES-BaIT |b cat |e rda |c ES-BaIT | ||
| 080 | |a 821.134.1-2 |x "20" |2 2004 | ||
| 080 | |a 849.9-2"20" | ||
| 080 | |a 82-27"20" | ||
| 100 | 1 | |a Prat i Coll, Jordi, |d 1975- |e autor | |
| 245 | 1 | 0 | |a M'hauríeu de pagar / |c Jordi Prat i Coll ; pròleg d'Albert Arribas |
| 250 | |a Primera edició | ||
| 264 | 1 | |a Barcelona : |b Diputació de Barcelona, Institut del Teatre : |b Comanegra, |c gener del 2021 | |
| 300 | |a 141 pàgines ; |c 19 cm | ||
| 336 | |a text |b txt |2 rdacontent | ||
| 337 | |a sense mediació |b n |2 rdamedia | ||
| 338 | |a volum |b nc |2 rdacarrier | ||
| 490 | |a Drama-ticles. Dramatúrgia contemporània ; |v 24 | ||
| 500 | |a P4: D2, H2 | ||
| 505 | 8 | |a Conté: Ell -- Ella -- El Fill | |
| 520 | |a "Jordi Prat i Coll ha escrit tres monòlegs sobre la soledat a partir de tres personatges que necessiten reverlar-se avant d'algú per parlar d'art, infantesa, records, sexe, veritats, fragilitats i, en definitiva, de tot allò que no entenem però que necessitem expressar." | ||
| 650 | 4 | |a Monòlegs catalans |y S. XXI | |
| 700 | 1 | |a Arribas, Albert |q (Arribas Queralt), |e escriptor d'un pròleg | |
| 700 | 1 | 2 | |i Contenidor de (obra): |a Prat i Coll, Jordi, |d 1975- |t Ell |
| 700 | 1 | 2 | |i Contenidor de (obra): |a Prat i Coll, Jordi, |d 1975- |t Ella |
| 700 | 1 | 2 | |i Contenidor de (obra): |a Prat i Coll, Jordi, |d 1975- |t Fill |
| 710 | 2 | |a Institut del Teatre (Barcelona, Catalunya), |e entitat editora |9 52662 | |
| 710 | 2 | |a Comanegra, |e entitat editora | |
| 830 | 0 | |a Dramaticles. |p Dramatúrgia contemporània |v 24 |9 55677 | |
| 907 | |a .b74834435 |b 28-05-21 |c 19-01-21 |d 20-01-21 |e m |f a |g - |h cat |i spc |j 0 |k 0 | ||
| 908 | |a CDMAE |a BC | ||
| 940 | |a IT | ||
| 942 | |2 udc |c ARXIU |n 1 | ||
| 952 | |0 0 |1 0 |4 0 |6 BIB436 |7 1 |9 61005 |a Arxiu |b Arxiu |d 2022-02-15 |o Bib-436 |p 25164 |r 2022-02-15 00:00:00 |w 2022-02-15 |y ARXIU | ||
| 999 | |c 81129 |d 81129 | ||